| 000 | 01426cam a2200433Mi 4500 | ||
|---|---|---|---|
| 999 |
_c8065 _d8065 |
||
| 001 | 881643 | ||
| 003 | OSt | ||
| 005 | 20190911174950.0 | ||
| 008 | 160310s2016 ii b 000 0 eng d | ||
| 010 | _a 2016330734 | ||
| 020 |
_a9789351481416 _q(HB) |
||
| 020 |
_a9351481417 _q(HB) |
||
| 020 |
_a9789351481423 _q(PB) |
||
| 020 |
_a9351481425 _q(PB) |
||
| 035 | _a(OCoLC)ocn953446892 | ||
| 035 | _a(OCoLC)953446892 | ||
| 035 | _a881643 | ||
| 037 | _aLibrary of Congress -- New Delhi Overseas Office | ||
| 040 |
_aDKAGE _beng _erda _cDKAGE _dOCLCO _dOCLCF _dDLC _dPTS |
||
| 043 | _aa-ii--- | ||
| 049 | _aPTSS | ||
| 050 | 4 |
_aHV5824.Y68 _bM58 2016 |
|
| 082 | 0 | 4 |
_a362.29 _223 _bM684Y |
| 100 | 1 |
_aMithra, H. G., _eauthor. |
|
| 245 | 1 | 0 |
_aYouth and drugs : _bmissional concern towards therapeutic care and counselling / _cH.G. Mithra.. |
| 264 | 1 |
_aNew Delhi : _bChristian World Imprints, _c2016. |
|
| 300 |
_axiv, 152 pages ; _c23 cm. |
||
| 336 |
_atext _2rdacontent |
||
| 337 |
_aunmediated _2rdamedia |
||
| 338 |
_avolume _2rdacarrier |
||
| 490 | 1 |
_aChristian heritage rediscovered ; _v40 |
|
| 504 | _aIncludes bibliographical references (pages 141-152). | ||
| 650 | 0 |
_aYouth _xDrug use _zIndia. |
|
| 650 | 0 |
_aYouth _xDrug use _xReligious aspects _xChristianity. |
|
| 650 | 0 |
_aChurch work with drug addicts _zIndia. |
|
| 830 | 0 |
_aChristian heritage rediscovered ; _v40. |
|
| 942 |
_2ddc _cBK |
||
| 945 | _aMARCIVE20181205 | ||